书目信息 |
| 题名: |
科技产业转型
|
|
| 作者: | 隋映辉 著 | |
| 分册: | ||
| 出版信息: | 北京 人民出版社 2002 |
|
| 页数: | 601页 | |
| 开本: | 21cm | |
| 丛书名: | ||
| 单 册: | ||
| 中图分类: | F279.244.4 | |
| 科图分类: | ||
| 主题词: | 高新技术产业--经济发展--研究--中国 | |
| 电子资源: | ||
| ISBN: | 7-01-003741-8 | |
| 000 | 00777Pam2 2200205 45 | |
| 001 | JMS0002853 | |
| 005 | 20040202011903.0 | |
| 010 | @a7-01-003741-8@dCNY34.00 | |
| 100 | @a20030410d2002 ekmy1chiy0120 ea | |
| 101 | 0 | @achi |
| 200 | 1 | @a科技产业转型@e转型期科技产业结构调整及其战略管理研究@EZhuan Xing Qi KeJi Chan Ye Jie Gou Diao Zheng Ji Qi Zhan Lue Guan Li Yan Jiu@f隋映辉著 |
| 210 | @a北京@c人民出版社@d2002 | |
| 215 | @a601页@d21cm | |
| 300 | @a国家社会科学基金项目 | |
| 517 | 1 | @a转型期科技产业结构调整及其战略管理研究@AZhuan Xing Qi Ke Ji Chan Ye Jie Gou Diao Zheng Ji Qi Zhan Lue Guan Li Yan Jiu |
| 606 | 0 | @a高新技术产业@x经济发展@x研究@y中国 |
| 690 | @aF279.244.4@v4 | |
| 701 | 0 | @a隋映辉@4著 |
| 801 | @aCN@bTSTCL@c20040201 | |
| 905 | @b333320-324@dF279.244.4@e147@f5 | |
| 科技产业转型:转型期科技产业结构调整及其战略管理研究/隋映辉著.-北京:人民出版社,2002 |
| 601页;21cm |
| 国家社会科学基金项目 |
| ISBN 7-01-003741-8:CNY34.00 |
| ● |
| 相关链接 |
|
|
|
|
正题名:科技产业转型
索取号:F279.244.4/147
 
预约/预借
| 序号 | 登录号 | 条形码 | 馆藏地/架位号 | 状态 | 备注 |
| 1 | 0333320 | 203333204 | 第一借阅区/ [索取号:F279.244.4/147] | 在馆 | |
| 2 | 0333321 | 203333213 | 第一借阅区/ [索取号:F279.244.4/147] | 在馆 | |
| 3 | 0333322 | 203333222 | 第一借阅区/ [索取号:F279.244.4/147] | 在馆 | |
| 4 | 0333323 | 203333231 | 第一借阅区/ [索取号:F279.244.4/147] | 在馆 | |
| 5 | 0333324 | 203333240 | 第一样本阅览室/ [索取号:F279.244.4/147] | 在馆 |